| 000 | 00454nam a2200145 4500 | ||
|---|---|---|---|
| 008 | 150808b xxu||||| |||| 00| 0 eng d | ||
| 020 | _a9781416509059 | ||
| 050 | _aPS 3568 .I577G48 2005 | ||
| 100 |
_aRingo, John _d2005 |
||
| 245 |
_aGhost _cJohn Ringo |
||
| 260 |
_aRiverdale: _bBaen Publishing Enterprises, _c2005. |
||
| 300 | _a403p. | ||
| 650 | _aUnited States. Navy. SEALS--Fiction | ||
| 942 |
_2lcc _cBOOKS _hPS 3568 .I577G48 2005 |
||
| 999 |
_c3026 _d3026 |
||